|
|
|
|
| LEADER |
00000nas a2200000 a 4500 |
| 001 |
ssj0000822870 |
| 003 |
WaSeSS |
| 005 |
20200512172242.0 |
| 006 |
m d |
| 007 |
cr n |
| 008 |
060630c20119999enkfr p s 0 a0eng d |
| 022 |
|
|
|a 2042-6755
|l 2042-6747
|y 2042-6747
|
| 035 |
|
|
|a (WaSeSS)ssj0000822870
|
| 040 |
|
|
|a WaSeSS
|c WaSeSS
|d WaSeSS
|
| 050 |
|
4 |
|a HV544.5
|
| 222 |
|
0 |
|a Journal of humanitarian logistics and supply chain management
|b (Online)
|
| 245 |
0 |
0 |
|a Journal of humanitarian logistics and supply chain management
|h [electronic resource].
|
| 246 |
1 |
|
|a JHLSCM
|
| 260 |
|
|
|a Bingley, U.K. :
|b Emerald
|
| 310 |
|
|
|a Two issues a year
|
| 362 |
1 |
|
|a Began with Vol. 1, issue 1 (2011).
|
| 506 |
|
|
|a License restrictions may limit access.
|
| 588 |
|
|
|a Description based on: Vol. 1, issue 1 (2011); title from table of contents page (publisher's website, viewed Jan. 21, 2013).
|
| 588 |
|
|
|a Latest issue consulted: Vol. 2, issue 2 (2012) (viewed Jan. 21, 2013).
|
| 650 |
|
0 |
|a Humanitarian assistance
|v Periodicals.
|
| 650 |
|
0 |
|a Business logistics
|v Periodicals.
|
| 655 |
|
0 |
|a Electronic journals.
|
| 776 |
0 |
8 |
|i Print version:
|t Journal of humanitarian logistics and supply chain management
|x 2042-6747
|
| 856 |
4 |
0 |
|z Full text available from Research Library: 01/01/2011 to 1 year ago
|u https://search.proquest.com/publication/956332
|